000 00858nam a2200277Ia 4500
003 OSt
005 20220925202400.0
006 a|||||r|||| 00| 0
007 ta
008 220923b |||||||| |||| 00| 0 eng d
037 _cGeneral Book
040 _aRTL
_cRTL
_beng
041 _2eng
_aeng
082 _aX9(D24):77.2.N8, M2
100 _aDutt D K
_9263612
245 0 _aGround water development in India By T G K Charlu
260 _aDelhi
_bR E C
_c1982
300 _a228p Bibliography: P 213-24
_ccm.
490 _aRural Electrification Corporation Technical Series; 1
650 _a Irrigation
_9232519
650 _a Underground Water
_9232520
650 _aIndustrial Economics
700 _a Charlu T G K
_9263613
942 _hX9(D24):77.2.N8, M2
_cGB
_2CC
999 _c543026
_d543026